00000000nam 2200000za 4500
0019.676787
003CaOODSP
00520230926101953
007cr |||||||||||
008150407|1985||||xxc|||||o    f|0| 0 eng d
040 |aCaOODSP|beng
041 |aeng
041 |afre
043 |an-cn---
0861 |aYX44-1985/3-PDF
1101 |aCanada.|bStatutes.
24510|aRevised Statutes of Canada, 1985. Vol. III / |h[electronic resource]|c[issued by] Queen's Printer for Canada.
260 |aOttawa - Ontario : |bStatutes |cc1985.
300 |a1242p.|bfig.
500 |a"Prepared under the authority of the Statute Revision Act"--p.1 of 1242. Contents: Chap. C-46, Criminal Code to Chap. C-54, Customs Tariff.
590 |a14-22-Supp|b2014-12-24
69007|aLegislation|2gcpds
7760#|tLois révisées du Canada (1985), vol. III |w(CaOODSP)9.652942
792 |tLois révisées du Canada (1985). Vol. III / |efre|w(CaOODSP)9.676788
85640|ahttp://publications.gc.ca|qPDF|s21.20 MB|uhttps://publications.gc.ca/collections/collection_2014/lois-statutes/YX44-1985-3.pdf